| 000 | 00476nam a22001697a 4500 | ||
|---|---|---|---|
| 003 | SGT | ||
| 020 | _a9781260461350 | ||
| 082 |
_a616.025 _bT20T |
||
| 100 | _aTINTINALLI. JUDITH E. | ||
| 245 | _aTINTINALLI'S EMERGENCY MEDICINE A COMPREHENSIV STUDY GUIDE | ||
| 250 | _a9TH | ||
| 260 |
_aNEW YORK _bMC GRAW HILL PUB _c2020 |
||
| 300 | _a2114 | ||
| 650 | _aEMERGENCY MEDICINE | ||
| 653 | _aTINTINALLI'S EMERGENCY MEDICINE A COMPREHENSIV STUDY GUIDE | ||
| 942 |
_2ddc _cBK |
||
| 999 |
_c30845 _d30845 |
||